Estudio de impacto ambiental carretera rural adoquinada San Antonio de Arriba - San Gregorio de las Cañas
Presenta estudio de impacto ambiental carretera rural adoquinada San Antonio de Arriba - San Gregorio de las Cañas en el cual se presentan los impactos positivos y negativos que se produjeron en el momento de realizarse las actividades de las obras, así como la definición de las medidas de preven...
| Main Authors: | , |
|---|---|
| Other Authors: | |
| Format: | Tesis Section = Libro |
| Language: | Undetermined Spanish |
| Published: |
Managua
UNI
2012
|
| Subjects: |
| LEADER | 01232nam a2200253Ia 4500 | ||
|---|---|---|---|
| 008 | 240830s9999 xx 000 0 und d | ||
| 040 | |a BIBLIOTECA-RUPAP T.Mon 625.74 Ch512 | ||
| 041 | |a spa | ||
| 082 | |a T.Mon 625.74 Ch512 | ||
| 100 | 1 | |a Chavarría Hernández, Vinicio | |
| 100 | 1 | |b Morales Henríquez, Néstor | |
| 245 | 1 | 0 | |a Estudio de impacto ambiental carretera rural adoquinada San Antonio de Arriba - San Gregorio de las Cañas |
| 260 | |a Managua |b UNI |c 2012 | ||
| 300 | |a 111 p. :il. | ||
| 500 | |a Contiene: anexos. | ||
| 502 | |a Tesis (Ingeniero Civil)- UNI, 2012. | ||
| 520 | 3 | |a Presenta estudio de impacto ambiental carretera rural adoquinada San Antonio de Arriba - San Gregorio de las Cañas en el cual se presentan los impactos positivos y negativos que se produjeron en el momento de realizarse las actividades de las obras, así como la definición de las medidas de prevención y mitigación destinadas a controlar, reducir y compensar los impactos negativos y potenciales ocasionados. | |
| 650 | 7 | |a CAMINOS DE TIERRAS | |
| 650 | 7 | |b CARRETERAS RURALES | |
| 650 | 7 | |c PAVIMENTOS Y CARRETERAS DE HORMIGON | |
| 700 | 1 | |a Tutor: |b Ocampo Elvir, Gustavo Adolfo | |
| 942 | |c BK |2 ddc | ||
| 991 | |a TESIS | ||
| 999 | |c 18173 | ||